<?xml version="1.0" encoding="UTF-8"?><?xml-stylesheet type="text/xsl" href="static/style.xsl"?><OAI-PMH xmlns="http://www.openarchives.org/OAI/2.0/" xmlns:xsi="http://www.w3.org/2001/XMLSchema-instance" xsi:schemaLocation="http://www.openarchives.org/OAI/2.0/ http://www.openarchives.org/OAI/2.0/OAI-PMH.xsd"><responseDate>2026-06-01T09:17:15Z</responseDate><request verb="GetRecord" identifier="oai:riuma.uma.es:10630/40015" metadataPrefix="marc">https://riuma.uma.es/rest/oai/request</request><GetRecord><record><header><identifier>oai:riuma.uma.es:10630/40015</identifier><datestamp>2026-02-03T10:57:08Z</datestamp><setSpec>com_10630_2254</setSpec><setSpec>col_10630_37953</setSpec></header><metadata><record xmlns="http://www.loc.gov/MARC21/slim" xmlns:dcterms="http://purl.org/dc/terms/" xmlns:doc="http://www.lyncode.com/xoai" xmlns:xsi="http://www.w3.org/2001/XMLSchema-instance" xsi:schemaLocation="http://www.loc.gov/MARC21/slim http://www.loc.gov/standards/marcxml/schema/MARC21slim.xsd">
   <leader>00925njm 22002777a 4500</leader>
   <datafield ind2=" " ind1=" " tag="042">
      <subfield code="a">dc</subfield>
   </datafield>
   <datafield ind2=" " ind1=" " tag="720">
      <subfield code="a">Jiménez-Cebrián, Ana María</subfield>
      <subfield code="e">author</subfield>
   </datafield>
   <datafield ind2=" " ind1=" " tag="720">
      <subfield code="a">Román-Bravo, Pedro Daniel</subfield>
      <subfield code="e">author</subfield>
   </datafield>
   <datafield ind2=" " ind1=" " tag="720">
      <subfield code="a">Morente-Bernal, María Francisca</subfield>
      <subfield code="e">author</subfield>
   </datafield>
   <datafield ind2=" " ind1=" " tag="720">
      <subfield code="a">Alonso-Ríos, Juan Antonio</subfield>
      <subfield code="e">author</subfield>
   </datafield>
   <datafield ind2=" " ind1=" " tag="720">
      <subfield code="a">De-la-Cruz-Torres, Blanca</subfield>
      <subfield code="e">author</subfield>
   </datafield>
   <datafield ind2=" " ind1=" " tag="720">
      <subfield code="a">Romero-Morales, Carlos</subfield>
      <subfield code="e">author</subfield>
   </datafield>
   <datafield ind2=" " ind1=" " tag="720">
      <subfield code="a">Navarro-Flores, Emmanuel María</subfield>
      <subfield code="e">author</subfield>
   </datafield>
   <datafield ind2=" " ind1=" " tag="720">
      <subfield code="a">Montiel-Luque, Alonso</subfield>
      <subfield code="e">author</subfield>
   </datafield>
   <datafield ind2=" " ind1=" " tag="260">
      <subfield code="c">2020</subfield>
   </datafield>
   <datafield ind2=" " ind1=" " tag="520">
      <subfield code="a">Introduction: In childhood, juvenile obesity affects the functional characteristics&#xd;
of the lower limb, predisposing children to pain, discomfort and musculoskeletal&#xd;
comorbidities. This cross-sectional descriptive study analyses&#xd;
the relationship between childhood overweight/obesity and foot/lower limb&#xd;
pain in a population of primary school children.&#xd;
Material and methods: The study population consisted of 150 children aged&#xd;
9–12 years recruited at a primary school in Malaga (Spain). None had pathologic&#xd;
feet. Anthropometric and demographic data were compiled by questionnaire&#xd;
and by personal interview. Among other variables, the foot posture&#xd;
index was calculated and knee alignment was measured. In the statistical&#xd;
analysis, the dependent variables considered were foot and lower limb pain,&#xd;
and the predictor variables were age, sex, body mass index, sports activity,&#xd;
foot posture index and knee alignment. A descriptive analysis of these variables&#xd;
was performed, together with an association analysis (using the c2&#xd;
test) and a multivariate analysis (using binary logistic regression).&#xd;
Results: In the study sample, 47.3% were girls, 15.3% were overweight and&#xd;
12.7% obese. The overall prevalence of foot pain was 10.7% and that of lower&#xd;
limb pain, 27.3%. Of the study variables analyzed, the only ones significantly&#xd;
related to both foot pain and lower limb pain were overweight and obesity.&#xd;
Conclusions: Overweight and obesity are the main factors related to pain in&#xd;
the feet and lower limbs in primary school children.</subfield>
   </datafield>
   <datafield ind1="8" ind2=" " tag="024">
      <subfield code="a">Jiménez-Cebrián AM, Roman-Bravo PD, Morente-Bernal MF, et al. Influence of childhood overweight and obesity on foot and lower limb pain in a population of primary school children. Archives of Medical Science. 2020. doi:10.5114/aoms.2020.97053.</subfield>
   </datafield>
   <datafield ind1="8" ind2=" " tag="024">
      <subfield code="a">1734-1922</subfield>
   </datafield>
   <datafield ind1="8" ind2=" " tag="024">
      <subfield code="a">https://hdl.handle.net/10630/40015</subfield>
   </datafield>
   <datafield ind1="8" ind2=" " tag="024">
      <subfield code="a">10.5114/aoms.202020.97053</subfield>
   </datafield>
   <datafield tag="653" ind2=" " ind1=" ">
      <subfield code="a">Obesidad en niños</subfield>
   </datafield>
   <datafield tag="653" ind2=" " ind1=" ">
      <subfield code="a">Obesidad - Aspectos fisiológicos</subfield>
   </datafield>
   <datafield ind2="0" ind1="0" tag="245">
      <subfield code="a">Influence of childhood overweight and obesity on foot and lower limb pain in a population of primary school children</subfield>
   </datafield>
</record>
</metadata></record></GetRecord></OAI-PMH>